Ježegodnik Boľšoj sovetskoj enciklopedii. 1977 : Vyp. 21

Uložené v:
Podrobná bibliografia
Médium: Kniha
Jazyk:Russian
Vydavateľské údaje: Moskva : Sovetskaja enciklopedija, 1977
Vydanie:1.vyd.
Tagy: Pridať tag
Žiadne tagy, Buďte prvý, kto otaguje tento záznam!

MARC

LEADER 00000nam a22000003a 4500
001 stu9764
005 20141122094105.5
008 970512s1977----xxr-----------------rus-d
040 |a STU  |b slo 
041 0 |a rus 
044 |a xxr 
080 |a 03"1977"  |7 stu_us_auth*stu15445 
245 |a Ježegodnik Boľšoj sovetskoj enciklopedii. 1977 :  |b Vyp. 21 
250 |a 1.vyd. 
260 |a Moskva :  |b Sovetskaja enciklopedija,  |c 1977 
300 |a 637 s 
996 |c V*14322/O-4728  |l VV7  |s P  |a 0  |w stu9764_0003